[Event "UK Women's Blitz Championship"]
[Site "Leamington"]
[Date "2025.11.22"]
[Round "14.6"]
[White "Hryshchenko, Kamila"]
[Black "Dicen, Elis Denele"]
[Result "0-1"]
[WhiteElo "2062"]
[BlackElo "2076"]
[PlyCount "67"]
[EventDate "2025.11.22"]
[EventType "tourn (blitz)"]
[EventRounds "15"]
[EventCountry "GBR"]
[SourceTitle "BritBase"]
[Source "John Saunders"]
[SourceDate "2025.11.23"]
[SourceVersion "1"]
[SourceVersionDate "2025.11.23"]
[SourceQuality "1"]

1. e4 c6 2. d4 d5 3. e5 Bf5 4. Be3 Nd7 5. Nd2 e6 6. Ngf3 c5 7. dxc5 Bxc5 8. Bxc5 Nxc5 9. Bb5+ Nd7 10. c4 a6 11. Ba4 Ne7 12. O-O O-O 13. Nb3 Nb6 14. Nc5 Qc7 15. b4 Nxc4 16. Bb3 Nxe5 17. Nxe5 Qxe5 18. Nd7 Qf4 19. Nxf8 Rxf8 20. a3 Nc6 21. Bc2 Bg4 22. f3 Bh5 23. Bd3 Ne5 24. Be2 d4 25. Kh1 Rd8 26. Qb3 d3 27. Rfd1 Qe3 28. Bf1 Bg6 29. Rac1 h6 30. Rc3 b5 31. Qb2 Qd4 32. Qa1 d2 33. Qb2 Qf2 34. Rb3 0-1

[Event "UK Women's Blitz Championship"]
[Site "Leamington"]
[Date "2025.11.22"]
[Round "14.7"]
[White "Nguyen, Hong Nhung"]
[Black "Karas, Eugenia"]
[Result "1-0"]
[WhiteElo "2190"]
[BlackElo "2019"]
[PlyCount "83"]
[EventDate "2025.11.22"]
[EventType "tourn (blitz)"]
[EventRounds "15"]
[EventCountry "GBR"]
[SourceTitle "BritBase"]
[Source "John Saunders"]
[SourceDate "2025.11.23"]
[SourceVersion "1"]
[SourceVersionDate "2025.11.23"]
[SourceQuality "1"]

1. e4 c5 2. Nc3 Nc6 3. Bb5 g6 4. Bxc6 bxc6 5. d3 Bg7 6. f4 e6 7. Nf3 Ne7 8. O-O O-O 9. Qe1 d6 10. Kh1 Ba6 11. Bd2 Rb8 12. Rb1 Kh8 13. Qh4 Ng8 14. Qh3 Qd7 15. Ng5 h6 16. f5 exf5 17. exf5 gxf5 18. Nf3 Bc8 19. Nh4 f4 20. Qf3 Qg4 21. Qxf4 Qxf4 22. Bxf4 Rb4 23. a3 Rd4 24. Ne2 Ra4 25. b3 Rxa3 26. Bxd6 Re8 27. Rf2 Ra2 28. Ng3 Rb2 29. Rxb2 Bxb2 30. Bxc5 Re1+ 31. Rf1 Re5 32. Bd6 Re6 33. Bf4 Nf6 34. Nhf5 Ng4 35. h3 Ne5 36. Re1 f6 37. Bxh6 Re8 38. Bg7+ Kg8 39. Bxf6 Kf7 40. Nd6+ Kxf6 41. Nxe8+ Ke7 42. Ng7 1-0

[Event "UK Women's Blitz Championship"]
[Site "Leamington"]
[Date "2025.11.22"]
[Round "14.8"]
[White "Tamilselvan, Tara"]
[Black "Pyun, Lindsay"]
[Result "1/2-1/2"]
[WhiteElo "1887"]
[BlackElo "1796"]
[PlyCount "82"]
[EventDate "2025.11.22"]
[EventType "tourn (blitz)"]
[EventRounds "15"]
[EventCountry "GBR"]
[SourceTitle "BritBase"]
[Source "John Saunders"]
[SourceDate "2025.11.23"]
[SourceVersion "1"]
[SourceVersionDate "2025.11.23"]
[SourceQuality "1"]

1. e4 e5 2. Nf3 Nc6 3. Bb5 a6 4. Ba4 Nf6 5. Qe2 b5 6. Bb3 Bc5 7. a4 b4 8. Bxf7+ Kxf7 9. Qc4+ Ke8 10. Qxc5 Qe7 11. Qxe7+ Kxe7 12. d3 d6 13. O-O a5 14. Be3 Rf8 15. Nbd2 Ba6 16. Rfe1 h6 17. h3 Kf7 18. d4 Kg8 19. d5 Ne7 20. b3 Ng6 21. Kh2 Nd7 22. Nf1 Nf4 23. Bxf4 Rxf4 24. Ng3 Nc5 25. Re3 Raf8 26. Rae1 g6 27. c3 bxc3 28. Rxc3 Rb8 29. Ree3 Kg7 30. Ne2 Rf7 31. Nc1 h5 32. Kg1 Rf4 33. Ng5 Rf6 34. f3 Kh6 35. h4 Rf4 36. g3 Rf6 37. Kg2 Rbf8 38. Kf2 Rb8 39. Kg2 Rbf8 40. Kf2 Rb8 41. Kg2 Rbf8 1/2-1/2

[Event "UK Women's Blitz Championship"]
[Site "Leamington"]
[Date "2025.11.22"]
[Round "15.1"]
[White "Pyun, Lindsay"]
[Black "Orlovska, Madara"]
[Result "0-1"]
[WhiteElo "1796"]
[BlackElo "2052"]
[PlyCount "115"]
[EventDate "2025.11.22"]
[EventType "tourn (blitz)"]
[EventRounds "15"]
[EventCountry "GBR"]
[SourceTitle "BritBase"]
[Source "John Saunders"]
[SourceDate "2025.11.23"]
[SourceVersion "1"]
[SourceVersionDate "2025.11.23"]
[SourceQuality "1"]

1. e4 c5 2. Nc3 a6 3. f4 b5 4. Nf3 Bb7 5. d3 e6 6. Be2 Nf6 7. O-O Be7 8. Qe1 d6 9. Qg3 Nh5 10. Qh3 Nf6 11. Qg3 g6 12. Kh1 Qd7 13. a3 Nc6 14. Be3 h5 15. Ng5 Nd4 16. Rac1 a5 17. Qf2 Nxe2 18. Nxe2 Ng4 19. Qg1 Nxe3 20. Qxe3 Bf6 21. e5 Bg7 22. Ng3 d5 23. d4 cxd4 24. Qxd4 Rc8 25. c3 O-O 26. Qe3 Rc4 27. Ne2 Rfc8 28. Nd4 Ba6 29. Ngf3 Qc7 30. Nd2 Rc5 31. Rfe1 b4 32. axb4 axb4 33. N2b3 Rc4 34. Nd2 Rc5 35. N2b3 bxc3 36. Nxc5 cxb2 37. Rb1 Qxc5 38. Rxb2 h4 39. h3 Bc4 40. Rd2 Rb8 41. Qf2 Ra8 42. Qxh4 Qc7 43. Qg3 Rb8 44. Qf2 Qb6 45. Qf3 Ra8 46. Red1 Qb4 47. Qf2 Ra3 48. Kh2 Bh6 49. g3 Qc3 50. Rc2 Qb4 51. Rb2 Qc5 52. Rbd2 g5 53. f5 g4 54. Rc2 gxh3 55. Qf3 Rxf3 56. Nxf3 exf5 57. Rdc1 Qe3 58. Rg1 0-1

[Event "UK Women's Blitz Championship"]
[Site "Leamington"]
[Date "2025.11.22"]
[Round "15.2"]
[White "Karas, Eugenia"]
[Black "Tamilselvan, Tara"]
[Result "1-0"]
[WhiteElo "2019"]
[BlackElo "1887"]
[PlyCount "157"]
[EventDate "2025.11.22"]
[EventType "tourn (blitz)"]
[EventRounds "15"]
[EventCountry "GBR"]
[SourceTitle "BritBase"]
[Source "John Saunders"]
[SourceDate "2025.11.23"]
[SourceVersion "1"]
[SourceVersionDate "2025.11.23"]
[SourceQuality "1"]

1. Nf3 Nf6 2. b3 g6 3. Bb2 Bg7 4. e3 O-O 5. Be2 d5 6. O-O c5 7. d4 cxd4 8. Bxd4 Nc6 9. Bb2 e6 10. Nbd2 Qc7 11. c4 Bd7 12. Rc1 Rad8 13. cxd5 exd5 14. Nd4 a6 15. N2f3 Qd6 16. Nxc6 Bxc6 17. Bd4 Rfe8 18. Qc2 Ne4 19. Bxg7 Kxg7 20. Bxa6 Rc8 21. Qb2+ Kg8 22. Bd3 Nc5 23. Rfd1 b6 24. Nd4 Bd7 25. Bb5 Bxb5 26. Nxb5 Qd7 27. Nc3 Qf5 28. Rxd5 Re5 29. Rxe5 Qxe5 30. Na4 Qxb2 31. Nxb2 Ra8 32. a4 Nxb3 33. Rc6 Ra6 34. Kf1 Nc5 35. Ke2 Nxa4 36. Nxa4 Rxa4 37. Rxb6 Ra2+ 38. Kf3 Kg7 39. g4 Ra4 40. Kg3 h6 41. h4 Rc4 42. Rb3 Ra4 43. f4 Ra5 44. e4 Ra4 45. Re3 Rb4 46. f5 gxf5 47. gxf5 Kf6 48. Kf4 Ra4 49. Rb3 Kg7 50. Rd3 Rb4 51. Rg3+ Kf6 52. Rg8 Ra4 53. h5 Rb4 54. Rh8 Kg7 55. Rd8 Kf6 56. Rd6+ Kg7 57. f6+ Kh7 58. Rd7 Kg8 59. Rd8+ Kh7 60. Rf8 Rb7 61. Re8 Ra7 62. Re7 Ra5 63. Rxf7+ Kg8 64. Rg7+ Kf8 65. Rg6 Rxh5 66. e5 Rh1 67. e6 Rf1+ 68. Ke5 Re1+ 69. Kd6 Rd1+ 70. Kc5 Re1 71. f7 h5 72. Rg8+ Ke7 73. Re8+ Kf6 74. f8=Q+ Ke5 75. Qg7+ Ke4 76. Qg6+ Ke3 77. Qg3+ Ke2 78. Qxe1+ Kxe1 79. Rh8 1-0

[Event "UK Women's Blitz Championship"]
[Site "Leamington"]
[Date "2025.11.22"]
[Round "15.3"]
[White "Dicen, Elis Denele"]
[Black "Nguyen, Hong Nhung"]
[Result "1-0"]
[WhiteElo "2076"]
[BlackElo "2190"]
[PlyCount "53"]
[EventDate "2025.11.22"]
[EventType "tourn (blitz)"]
[EventRounds "15"]
[EventCountry "GBR"]
[SourceTitle "BritBase"]
[Source "John Saunders"]
[SourceDate "2025.11.23"]
[SourceVersion "1"]
[SourceVersionDate "2025.11.23"]
[SourceQuality "1"]

1. e4 c5 2. d4 cxd4 3. Qxd4 Nc6 4. Qd3 g6 5. Nc3 Bg7 6. Nf3 d6 7. Be2 Nf6 8. Nd5 O-O 9. c3 Bd7 10. Bg5 Ng4 11. h3 Nge5 12. Nxe5 Bxe5 13. h4 Re8 14. h5 Bg7 15. O-O-O Qa5 16. Kb1 Be6 17. hxg6 fxg6 18. f4 Rac8 19. g4 Nd8 20. Qh3 Kf7 21. f5 Bxd5 22. fxg6+ hxg6 23. Rxd5 Ne6 24. Rxa5 Rc5 25. Rxc5 dxc5 26. Bc4 Rd8 27. Qf3+ 1-0

[Event "UK Women's Blitz Championship"]
[Site "Leamington"]
[Date "2025.11.22"]
[Round "15.4"]
[White "Hariharan, Shambavi"]
[Black "Hryshchenko, Kamila"]
[Result "0-1"]
[WhiteElo "1978"]
[BlackElo "2062"]
[PlyCount "66"]
[EventDate "2025.11.22"]
[EventType "tourn (blitz)"]
[EventRounds "15"]
[EventCountry "GBR"]
[SourceTitle "BritBase"]
[Source "John Saunders"]
[SourceDate "2025.11.23"]
[SourceVersion "1"]
[SourceVersionDate "2025.11.23"]
[SourceQuality "1"]

1. d4 d6 2. c4 g6 3. Nc3 Bg7 4. g3 Nf6 5. Bg2 O-O 6. h3 Nc6 7. Nf3 a6 8. O-O Rb8 9. a4 a5 10. Re1 Nb4 11. e4 Nd7 12. Be3 c6 13. Qd2 e5 14. Rad1 Qe7 15. Bh6 Nb6 16. Bxg7 Kxg7 17. b3 Nd7 18. Nh2 f6 19. f4 exd4 20. Qxd4 Nc2 21. Qd2 Nxe1 22. Rxe1 Nc5 23. Qc2 Bd7 24. Nf3 Rbe8 25. e5 Bf5 26. Qd1 dxe5 27. fxe5 Nd3 28. Re3 Qc5 29. Qe2 Nxe5 30. Nd1 Nxf3+ 31. Qxf3 Bc2 32. Kf2 Bxd1 33. Qf4 Qxe3+ 0-1

[Event "UK Women's Blitz Championship"]
[Site "Leamington"]
[Date "2025.11.22"]
[Round "15.5"]
[White "Barwick, Carmel J"]
[Black "Rida, Ruqayyah"]
[Result "0-1"]
[WhiteElo "1831"]
[BlackElo "2072"]
[PlyCount "115"]
[EventDate "2025.11.22"]
[EventType "tourn (blitz)"]
[EventRounds "15"]
[EventCountry "GBR"]
[SourceTitle "BritBase"]
[Source "John Saunders"]
[SourceDate "2025.11.23"]
[SourceVersion "1"]
[SourceVersionDate "2025.11.23"]
[SourceQuality "1"]

1. e4 e5 2. Nf3 Nc6 3. Bc4 Bc5 4. c3 Nf6 5. d4 exd4 6. cxd4 Bb4+ 7. Nbd2 Nxe4 8. d5 Nxd2 9. Bxd2 Bxd2+ 10. Qxd2 Ne7 11. h4 O-O 12. h5 d6 13. h6 g6 14. O-O-O f6 15. Rdg1 Rb8 16. g4 b5 17. Bb3 Kh8 18. g5 Nf5 19. Bc2 fxg5 20. Nxg5 Qf6 21. Ne4 Qd4 22. Qg5 Qxd5 23. Nf6 Qf7 24. Ne4 Nd4 25. Bd3 Nf3 26. Qg3 Nxg1 27. Rxg1 Qf4+ 28. Qxf4 Rxf4 29. Ng5 Bf5 30. Be2 Bd7 31. Bf3 Rbf8 32. Bd5 c6 33. Bb3 c5 34. Re1 c4 35. Bc2 Bf5 36. Ne6 Bxe6 37. Rxe6 R4f6 38. Re7 R6f7 39. Re6 Rd8 40. Be4 Rdf8 41. f3 Rf6 42. Re7 R6f7 43. Re6 Rd8 44. Bd5 Rf5 45. Be4 Re5 46. Rf6 d5 47. Bc2 Kg8 48. Ra6 Re7 49. Rf6 Rf7 50. Ra6 d4 51. Be4 d3 52. Kd2 Re7 53. Rf6 b4 54. Rc6 c3+ 55. bxc3 bxc3+ 56. Rxc3 Re6 57. Rc5 Rb6 58. Rc7 0-1

[Event "UK Women's Blitz Championship"]
[Site "Leamington"]
[Date "2025.11.22"]
[Round "15.6"]
[White "Varney, Zoe"]
[Black "Bahtiyorova, Nodirabegim"]
[Result "1-0"]
[WhiteElo "1931"]
[BlackElo "1817"]
[PlyCount "113"]
[EventDate "2025.11.22"]
[EventType "tourn (blitz)"]
[EventRounds "15"]
[EventCountry "GBR"]
[SourceTitle "BritBase"]
[Source "John Saunders"]
[SourceDate "2025.11.23"]
[SourceVersion "1"]
[SourceVersionDate "2025.11.23"]
[SourceQuality "1"]

1. Nf3 Nf6 2. g3 d5 3. Bg2 b6 4. O-O Bb7 5. d4 e6 6. c4 Be7 7. b3 O-O 8. Bb2 Nbd7 9. Nc3 Re8 10. Nd2 Bf8 11. e4 dxe4 12. Ndxe4 Nxe4 13. Nxe4 Rb8 14. Qc2 c5 15. Rad1 cxd4 16. Rxd4 Qc7 17. Rfd1 Nc5 18. Nxc5 Qxc5 19. Rd7 Bxg2 20. Kxg2 Re7 21. Qe4 Qc8 22. R7d3 h6 23. Qe5 Qc7 24. Qc3 Qc8 25. Ba3 Re8 26. Bd6 Bxd6 27. Rxd6 Rb7 28. Qd4 Rb8 29. Rd7 Rb7 30. Rd6 Rb8 31. Qf4 Qc5 32. Rd7 Rf8 33. Qd4 Qxd4 34. R1xd4 Ra8 35. Rc7 g6 36. Rdd7 Kg7 37. Rxa7 Kf6 38. Rxf7+ Rxf7 39. Rxa8 Rc7 40. Rb8 Rc6 41. a4 Rd6 42. Rb7 Ke5 43. Kf3 Kd4 44. Rh7 h5 45. Rg7 e5 46. Re7 Kc3 47. Rxe5 Kxb3 48. c5 bxc5 49. Rxc5 Kxa4 50. Rc2 Kb4 51. Kf4 Re6 52. Kg5 Kb3 53. Rc7 Re2 54. Rf7 Re1 55. Kxg6 Rh1 56. h4 Kc4 57. Kxh5 1-0

[Event "UK Women's Blitz Championship"]
[Site "Leamington"]
[Date "2025.11.22"]
[Round "15.7"]
[White "Mirzoeva, Elmira"]
[Black "Yuan, Alice"]
[Result "1-0"]
[WhiteElo "2122"]
[BlackElo "1586"]
[PlyCount "58"]
[EventDate "2025.11.22"]
[EventType "tourn (blitz)"]
[EventRounds "15"]
[EventCountry "GBR"]
[SourceTitle "BritBase"]
[Source "John Saunders"]
[SourceDate "2025.11.23"]
[SourceVersion "1"]
[SourceVersionDate "2025.11.23"]
[SourceQuality "1"]

1. Nf3 e6 2. c4 f5 3. g3 Nf6 4. Bg2 Be7 5. O-O O-O 6. d3 c6 7. Nc3 d5 8. e4 fxe4 9. dxe4 dxe4 10. Ng5 Qxd1 11. Rxd1 h6 12. Ngxe4 Nxe4 13. Nxe4 Nd7 14. Bf4 Nb6 15. b3 Bd7 16. Nd6 Bxd6 17. Bxd6 Rfe8 18. Bc7 Re7 19. Rd2 Rc8 20. Bd6 Rf7 21. Rad1 Kh8 22. Bc5 Rd8 23. Bh3 Rf6 24. Be7 Re8 25. Bxf6 gxf6 26. Rxd7 Nxd7 27. Rxd7 b6 28. Rxa7 c5 29. Rd7 e5 1-0

[Event "UK Women's Blitz Championship"]
[Site "Leamington"]
[Date "2025.11.22"]
[Round "15.8"]
[White "Hng, Mei-Xian Eunice"]
[Black "Sivanandan, Bodhana"]
[Result "0-1"]
[WhiteElo "2000"]
[BlackElo "2291"]
[PlyCount "126"]
[EventDate "2025.11.22"]
[EventType "tourn (blitz)"]
[EventRounds "15"]
[EventCountry "GBR"]
[SourceTitle "BritBase"]
[Source "John Saunders"]
[SourceDate "2025.11.23"]
[SourceVersion "1"]
[SourceVersionDate "2025.11.23"]
[SourceQuality "1"]

1. Nf3 d5 2. c4 c6 3. e3 Nf6 4. d4 e6 5. Nc3 Nbd7 6. Bd3 dxc4 7. Bxc4 b5 8. Bd3 Bd6 9. O-O O-O 10. Qe2 Bb7 11. Rd1 Qc7 12. h3 Rfe8 13. Bd2 Rad8 14. Rac1 a6 15. Bb1 e5 16. dxe5 Nxe5 17. Nd4 c5 18. Nf5 Bf8 19. b3 Rd7 20. Ng3 Red8 21. Be1 Rxd1 22. Rxd1 Rxd1 23. Qxd1 Qd7 24. Qxd7 Nexd7 25. e4 Bd6 26. Nce2 g5 27. Bc3 Be5 28. f3 Bxc3 29. Nxc3 Ne5 30. Nf5 Kf8 31. Kf2 Bc8 32. Ne3 Nc6 33. Ncd5 Kg7 34. Bd3 Nxd5 35. Nxd5 Bb7 36. Ke3 Ne5 37. Nb6 Kf6 38. a4 Nxd3 39. Kxd3 Ke6 40. Kc3 Kd6 41. a5 Bc6 42. Kd3 Ke5 43. Ke3 f5 44. Nc8 fxe4 45. fxe4 Bxe4 46. g3 Bd5 47. b4 cxb4 48. Ne7 b3 49. Kd2 Kd4 50. Nf5+ Kc5 51. Kc3 b4+ 52. Kb2 Kb5 53. Ne3 Be6 54. h4 gxh4 55. gxh4 Kxa5 56. Ng2 Kb5 57. Nf4 Bf7 58. h5 a5 59. Ne2 a4 60. Nd4+ Kc4 61. Nc6 a3+ 62. Ka1 b2+ 63. Ka2 Kc3+ 0-1